000 00809nac a22002537a 4500
001 BR8802456
003 BR-BrBNA
005 20240105120800.0
008 230509b bl.|||m| |||| 00| 0 por d
040 _aBR-BrBNA
_bpor
_cBiblioteca Nacional de Agricultura
072 _aH10
090 _a4020 BR8802456
100 1 _aFerreira, B.S.E.
110 1 _aCentro Nacional de Pesquisa de Soja, Londrina, PR (Brasil)
_91793
245 1 _aCriacao massal do percevejo verde Nezara viridula (L.)
260 3 _aLondrina, PR (Brasil):
_c1985.
300 _a16 p.
490 _aDocumentos - Centro Nacional de Pesquisa de Soja (Brazil)
_vno. 11
_x
500 _a4 illus.; 2 tables
650 _aPERCEVEJO
650 _aCRIACAO MASSAL
909 _a202312
_bLúcia Elande
_c55
_dLúcia Elande
942 _2AGRIS
_n0
_cMS
999 _c281376
_d281376